000 00402nam a22001697a 4500
005 20160629120124.0
008 160629b xxu||||| |||| 00| 0 eng d
020 _a85-88453-75-9
041 _aeng
082 _b11970
100 _aAnand, M.L
_93149
245 _aElectronic Instrument & Measurements
260 _bKatson
_c2012
300 _a298
650 _aDiploma Engineering
_9817
942 _cBK
999 _c4615
_d4613